000 01609nam1a22003971i 4500
001 v19\rc\1813276
005 20240726054917.0
035 _a(NLR Aleph) 004912622
090 _a5493399
_c5493399
100 _a20071224e19061906|||y0rusy50 ca
101 1 _arus
_cfre
102 _aRU
105 _ay z |||||
200 1 _aИстория французской революции
_fИпполит Тэн
_gПер. с фр. Н. Шемардина. Ч. 1-6
210 _aХарьков
_cжурн. "Мирн. труд"
_d1906 (обл. 1915)-1913 (обл. 1915)
215 _a6 т.
_d22
311 _aЧасть тиража выходила как прил. к журн. "Мирн. труд" за 1906-1914 гг.
311 _aЧ. 1-2 отт. из журн. "Мирный труд" за 1906-1907 гг.
316 _aЭкз. РНБ (2/943): приплетен к журн...
_5NLR: 2/943
422 0 _12001#$aМирный труд$v1906-1914
_tМирный труд
482 0 _12001#$aМирный труд$v1906-1914
_tМирный труд
488 0 _12001#$aМирный труд$v1906-1907
_tМирный труд
700 1 _aТэн
_bИ.
_f1828-1893
_gИпполит
702 1 _aШемардин
_bН.
_4730
801 0 _aRU
_bNLR
_gpsbo
801 0 _aRU
_bRuMoRGB
_2psbo
801 1 _aRU
_bProSoft-M
_2rusmarc
852 _aNLR
_j38.48.4.45
852 _aNLR
_j2/943
899 _aRuMoRGB (1, 3-6)
_jU 64/56 (№ 3-6)
899 _aRuMoRGB (1, 3-6)
_jРб 6/1791 (ч. 1)
899 _aБАН
899 _aНБ СПбГУ (1)
899 _aГПИБ
899 _aНБ МГУ (1, 2)
942 _cBOOK